Lập trình game bằng Visual Basic
Nội dung giới thiệu cách lập trình trò chơi đòi hỏi khả năng tính toán và sự sắp xếp khéo léo của người chơi. Xây dựng thuật toán hợp lý để xây dựng trò chơi dựa trên ngôn ngữ lập trình Visual Basic....
Đã lưu trong:
| 主要作者: | |
|---|---|
| 格式: | 图书 |
| 语言: | Undetermined |
| 出版: |
Hà Nội
Thống kê
2003
|
| 主题: | |
| 标签: |
添加标签
没有标签, 成为第一个标记此记录!
|
| Thư viện lưu trữ: | Trung tâm Học liệu Trường Đại học Cần Thơ |
|---|
| LEADER | 00920nam a2200205Ia 4500 | ||
|---|---|---|---|
| 001 | CTU_59873 | ||
| 008 | 210402s9999 xx 000 0 und d | ||
| 020 | |c 40000 | ||
| 082 | |a 005.133 | ||
| 082 | |b L120 | ||
| 100 | |a Đinh, Xuân Lâm | ||
| 245 | 0 | |a Lập trình game bằng Visual Basic | |
| 245 | 0 | |c Đinh Xuân Lâm | |
| 260 | |a Hà Nội | ||
| 260 | |b Thống kê | ||
| 260 | |c 2003 | ||
| 520 | |a Nội dung giới thiệu cách lập trình trò chơi đòi hỏi khả năng tính toán và sự sắp xếp khéo léo của người chơi. Xây dựng thuật toán hợp lý để xây dựng trò chơi dựa trên ngôn ngữ lập trình Visual Basic. | ||
| 650 | |a Basic (computer program language),Basic (chương trình ngôn ngữ máy tính) | ||
| 904 | |i Minh | ||
| 980 | |a Trung tâm Học liệu Trường Đại học Cần Thơ | ||